000 00718nam a2200205Ii 4500
003 JO-AjNU
008 230605s9999||||xx |||||||||||||| ||und||
040 _aJO-AjNU
_bara
_erda
_cJO-AjNU
041 _aara
050 1 4 _aBM485.Z2 1972
100 3 _aخان، ظفر الاسلام,
_eauthor
_957253
245 0 0 _aالتلمود: تاريخه وتعاليمه
250 _aط2
264 3 1 _aبيروت: دار النفائس للطباعة والنشر والتوزيع، 1972
300 _a107ص
_bالملاحق ص 94-101 ؛ فهرست ص 103-107
336 _atext
_btxt
_2rdacontent
337 _aunmediated
_bn
_2rdamedia
338 _avolume
_bnc
_2rdacarrier
650 4 _aالتلمود- تاريخ
_957254
999 _aA25644
_c29212
_d29212